[Event "Istanbul Open 2019"]
[Site "Istanbul"]
[Date "2019.08.27"]
[Round "3.16"]
[White "Amanmuradow, Atajan"]
[Black "Satici, Aydin"]
[Result "1/2-1/2"]
[WhiteElo "1794"]
[BlackElo "1598"]
[Annotator "NA"]
[PlyCount "122"]
[EventDate "2019.08.26"]
[EventType "swiss"]
[EventCountry "TUR"]
[SourceTitle "playchess.com"]
[Source "ChessBase"]
[SourceQuality "1"]
[TimeControl "5400+30"]

1. Nf3 {[%emt 0:00:30]} g6 {[%emt 0:00:30]} 2. d4 {[%emt 0:00:00]} Nf6 {[%emt 0:00:30]} 3. Bf4 {[%emt 0:00:00]} d6 {[%emt 0:00:30]} 4. c3 {[%emt 0:00:30]} Bg7 {[%emt 0:00:00]} 5. Nbd2 {[%emt 0:00:00]} O-O {[%emt 0:01:00]} 6. e4 {[%emt 0:00:00]} Nc6 {[%emt 0:02:30]} 7. Be2 {[%emt 0:02:30]} Nd7 {[%emt 0:01:30]} 8. Bg5 {[%emt 0:07:30]} h6 {[%emt 0:01:30]} 9. Bh4 {[%emt 0:03:30]} Qe8 {[%emt 0:01:30]} 10. O-O {[%emt 0:04:30]} e5 {[%emt 0:01:30]} 11. dxe5 {[%emt 0:00:30]} Ndxe5 {[%emt 0:00:30]} 12. Nxe5 {[%emt 0:03:30]} dxe5 {[%emt 0:01:30]} 13. Qc2 {[%emt 0:04:30]} Be6 {[%emt 0:03:30]} 14. Nc4 {[%emt 0:02:30]} a6 {[%emt 0:02:30]} 15. Rad1 {[%emt 0:03:30]} g5 {[%emt 0:00:30]} 16. Bg3 {[%emt 0:01:30]} Rd8 {[%emt 0:01:30]} 17. Ne3 {[%emt 0:01:30]} f6 {[%emt 0:07:30]} 18. Nf5 {[%emt 0:04:30]} Qf7 {[%emt 0:01:30]} 19. b3 {[%emt 0:04:30]} Rfe8 {[%emt 0:04:30]} 20. f3 {[%emt 0:04:30]} Bf8 {[%emt 0:02:30]} 21. Bf2 {[%emt 0:00:30]} Kh7 {[%emt 0:06:30]} 22. Rfe1 {[%emt 0:06:30]} Be7 {[%emt 0:03:30]} 23. Bf1 {[%emt 0:01:30]} Rxd1 {[%emt 0:02:30]} 24. Rxd1 {[%emt 0:00:30]} Rd8 {[%emt 0:00:30]} 25. Rxd8 {[%emt 0:11:30]} Bxd8 {[%emt 0:00:30]} 26. Ne3 {[%emt 0:01:30]} Kg7 {[%emt 0:02:30]} 27. Nf5+ {[%emt 0:11:30]} Kh7 {[%emt 0:01:30]} 28. Bc5 {[%emt 0:03:04]} Ne7 {[%emt 0:04:30]} 29. Qd2 {[%emt 0:05:19]} Qe8 {[%emt 0:01:30]} 30. Ne3 {[%emt 0:04:48]} Qd7 {[%emt 0:05:30]} 31. Qxd7 {[%emt 0:03:39]} Bxd7 {[%emt 0:00:00]} 32. Bc4 {[%emt 0:00:47]} Kg7 {[%emt 0:02:00]} 33. Kf2 {[%emt 0:00:03]} b5 {[%emt 0:00:30]} 34. Bd3 {[%emt 0:00:06]} c6 {[%emt 0:04:30]} 35. c4 {[%emt 0:02:58]} Be6 {[%emt 0:05:30]} 36. Ke2 {[%emt 0:01:04]} Ng6 {[%emt 0:02:30]} 37. g3 {[%emt 0:00:01]} Be7 {[%emt 0:00:30]} 38. Nf5+ {[%emt 0:01:07]} Bxf5 {[%emt 0:01:30]} 39. Bxe7 {[%emt 0:01:38]} Nxe7 {[%emt 0:02:30]} 40. exf5 {[%emt 0:00:02]} b4 {[%emt 0:04:30]} 41. Be4 {[%emt 0:01:23]} Kf7 {[%emt 0:00:31]} 42. Kd3 {[%emt 0:00:32]} c5 {[%emt 0:00:48]} 43. g4 {[%emt 0:00:44]} Ke8 {[%emt 0:00:36]} 44. Bb7 {[%emt 0:00:20]} a5 {[%emt 0:00:15]} 45. Ke4 {[%emt 0:00:14]} Kd7 {[%emt 0:01:54]} 46. Ba6 {[%emt 0:00:27]} Kd6 {[%emt 0:01:03]} 47. Bb7 {[%emt 0:00:13]} Kc7 {[%emt 0:00:28]} 48. Bd5 {[%emt 0:01:20]} Kd6 {[%emt 0:00:53]} 49. Bb7 {[%emt 0:00:03]} Kc7 {[%emt 0:00:17]} 50. Bd5 {[%emt 0:00:12]} Nc8 {[%emt 0:00:52]} 51. Bf7 {[%emt 0:00:02]} Nb6 {[%emt 0:00:06]} 52. Be8 {[%emt 0:00:12]} Kd6 {[%emt 0:00:47]} 53. Bb5 {[%emt 0:00:09]} Na8 {[%emt 0:00:00]} 54. Ba6 {[%emt 0:00:41]} Nc7 {[%emt 0:00:34]} 55. Bb7 {[%emt 0:00:10]} Kd7 {[%emt 0:00:30]} 56. Bd5 {[%emt 0:00:44]} Ne8 {[%emt 0:00:30]} 57. Be6+ {[%emt 0:00:00]} Kc6 {[%emt 0:01:39]} 58. Bd5+ {[%emt 0:00:00]} Kd6 {[%emt 0:00:00]} 59. Be6 {[%emt 0:00:35]} Nc7 {[%emt 0:00:57]} 60. Bf7 {[%emt 0:00:03]} Ke7 {[%emt 0:00:00]} 61. Bd5 {[%emt 0:00:10]} Kd6 {[%emt 0:01:58]} 1/2-1/2

[Event "Istanbul Open 2019"]
[Site "Istanbul"]
[Date "2019.08.27"]
[Round "3.17"]
[White "Hakkakifard Fard, Pedram"]
[Black "Uyanik, Toygun"]
[Result "1-0"]
[WhiteElo "1720"]
[BlackElo "1566"]
[Annotator "NA"]
[PlyCount "76"]
[EventDate "2019.08.26"]
[EventType "swiss"]
[EventCountry "TUR"]
[SourceTitle "playchess.com"]
[Source "ChessBase"]
[SourceQuality "1"]
[TimeControl "5400+30"]

1. d4 {[%emt 0:00:30]} Nf6 {[%emt 0:00:30]} 2. Bf4 {[%emt 0:00:30]} e6 {[%emt 0:02:30]} 3. e3 {[%emt 0:00:00]} c5 {[%emt 0:00:30]} 4. c3 {[%emt 0:00:00]} Nc6 {[%emt 0:00:00]} 5. Nd2 {[%emt 0:00:30]} d5 {[%emt 0:01:00]} 6. Bd3 {[%emt 0:00:00]} Bd6 {[%emt 0:01:30]} 7. Bg3 {[%emt 0:00:00]} O-O {[%emt 0:01:30]} 8. Ngf3 {[%emt 0:00:00]} Re8 {[%emt 0:00:00]} 9. Ne5 {[%emt 0:00:00]} Re7 {[%emt 0:09:00]} 10. h4 {[%emt 0:04:30]} Ne8 {[%emt 0:04:30]} 11. Ndf3 {[%emt 0:00:00]} f6 {[%emt 0:06:30]} 12. Bxh7+ {[%emt 0:02:00]} Kxh7 {[%emt 0:01:30]} 13. Ng5+ {[%emt 0:00:00]} Kg8 {[%emt 0:11:30]} 14. Ng6 {[%emt 0:21:00]} e5 {[%emt 0:36:30]} 15. Qh5 {[%emt 0:12:30]} fxg5 {[%emt 0:00:30]} 16. hxg5 {[%emt 0:22:30]} Bf5 {[%emt 0:15:20]} 17. Nxe7+ {[%emt 0:05:30]} Nxe7 {[%emt 0:02:21]} 18. dxe5 {[%emt 0:00:30]} Bc7 {[%emt 0:02:28]} 19. O-O-O {[%emt 0:02:30]} Bg6 {[%emt 0:00:32]} 20. Qf3 {[%emt 0:00:30]} Nf5 {[%emt 0:01:08]} 21. Bf4 {[%emt 0:06:30]} Ne7 {[%emt 0:00:35]} 22. Rh2 {[%emt 0:00:30]} Kf7 {[%emt 0:00:15]} 23. c4 {[%emt 0:04:03]} Qc8 {[%emt 0:00:47]} 24. e6+ {[%emt 0:02:47]} Kxe6 {[%emt 0:00:28]} 25. cxd5+ {[%emt 0:01:58]} Kd7 {[%emt 0:00:01]} 26. d6 {[%emt 0:02:06]} Bxd6 {[%emt 0:00:38]} 27. e4 {[%emt 0:00:18]} Kd8 {[%emt 0:00:52]} 28. Bxd6 {[%emt 0:01:14]} Nxd6 {[%emt 0:00:24]} 29. Rh8+ {[%emt 0:04:20]} Kc7 {[%emt 0:00:27]} 30. Rxc8+ {[%emt 0:01:18]} Rxc8 {[%emt 0:00:01]} 31. Qf4 {[%emt 0:00:39]} Rd8 {[%emt 0:00:19]} 32. e5 {[%emt 0:00:18]} Ndf5 {[%emt 0:01:15]} 33. Rxd8 {[%emt 0:01:31]} Kxd8 {[%emt 0:00:12]} 34. e6 {[%emt 0:00:04]} Nc6 {[%emt 0:00:40]} 35. g4 {[%emt 0:00:29]} Nfe7 {[%emt 0:00:44]} 36. Qf8+ {[%emt 0:00:35]} Kc7 {[%emt 0:00:08]} 37. Qxg7 {[%emt 0:00:23]} Kd6 {[%emt 0:00:47]} 38. f4 {[%emt 0:00:48]} Be4 {[%emt 0:01:08]} 1-0

[Event "Istanbul Open 2019"]
[Site "Istanbul"]
[Date "2019.08.27"]
[Round "3.18"]
[White "Nabitaeme, Marjaneh"]
[Black "Pektas, Gokdeniz"]
[Result "0-1"]
[WhiteElo "1708"]
[BlackElo "1652"]
[Annotator "NA"]
[PlyCount "52"]
[EventDate "2019.08.26"]
[EventType "swiss"]
[EventCountry "TUR"]
[SourceTitle "playchess.com"]
[Source "ChessBase"]
[SourceQuality "1"]
[TimeControl "5400+30"]

1. d4 {[%emt 0:06:30]} Nf6 {[%emt 0:00:30]} 2. c4 {[%emt 0:00:30]} e5 {[%emt 0:01:30]} 3. dxe5 {[%emt 0:00:30]} Ng4 {[%emt 0:00:00]} 4. Nf3 {[%emt 0:00:30]} Bc5 {[%emt 0:00:00]} 5. e3 {[%emt 0:00:30]} Nc6 {[%emt 0:00:30]} 6. Be2 {[%emt 0:00:00]} O-O {[%emt 0:00:00]} 7. O-O {[%emt 0:00:00]} Re8 {[%emt 0:00:00]} 8. a3 {[%emt 0:02:30]} a5 {[%emt 0:00:30]} 9. Nc3 {[%emt 0:02:30]} Ngxe5 {[%emt 0:00:30]} 10. b3 {[%emt 0:02:30]} Nxf3+ {[%emt 0:00:30]} 11. Bxf3 {[%emt 0:00:30]} Ne5 {[%emt 0:01:30]} 12. Bb2 {[%emt 0:01:30]} Ra6 {[%emt 0:00:30]} 13. Ne4 {[%emt 0:07:30]} Ba7 {[%emt 0:03:30]} 14. Bd4 {[%emt 0:06:30]} Bxd4 {[%emt 0:04:30]} 15. exd4 {[%emt 0:00:30]} Nxf3+ {[%emt 0:00:30]} 16. Qxf3 {[%emt 0:00:30]} Qh4 {[%emt 0:00:00]} 17. Rfe1 {[%emt 0:02:30]} Rae6 {[%emt 0:01:00]} 18. g3 {[%emt 0:07:30]} Qe7 {[%emt 0:00:00]} 19. Red1 {[%emt 0:05:30]} Rxe4 {[%emt 0:01:00]} 20. Qf5 {[%emt 0:00:30]} b6 {[%emt 0:00:30]} 21. c5 {[%emt 0:00:30]} bxc5 {[%emt 0:01:30]} 22. dxc5 {[%emt 0:00:30]} Bb7 {[%emt 0:00:30]} 23. Kf1 {[%emt 0:03:30]} Bc6 {[%emt 0:02:30]} 24. h4 {[%emt 0:03:30]} Re5 {[%emt 0:00:30]} 25. Qf4 {[%emt 0:00:30]} Qe6 {[%emt 0:00:30]} 26. g4 {[%emt 0:03:30]} Qxb3 {[%emt 0:01:30]} 0-1

[Event "Istanbul Open 2019"]
[Site "Istanbul"]
[Date "2019.08.27"]
[Round "3.19"]
[White "Can, Ilhan"]
[Black "Acikgoz, Akin"]
[Result "1-0"]
[WhiteElo "1683"]
[BlackElo "1656"]
[Annotator "NA"]
[PlyCount "73"]
[EventDate "2019.08.26"]
[EventType "swiss"]
[EventCountry "TUR"]
[SourceTitle "playchess.com"]
[Source "ChessBase"]
[SourceQuality "1"]
[TimeControl "5400+30"]

1. e4 {[%emt 0:00:30]} c5 {[%emt 0:00:30]} 2. Nf3 {[%emt 0:00:00]} d6 {[%emt 0:00:30]} 3. c3 {[%emt 0:00:00]} Nf6 {[%emt 0:00:30]} 4. Be2 {[%emt 0:00:00]} Bd7 {[%emt 0:04:30]} 5. d3 {[%emt 0:00:00]} Qc7 {[%emt 0:03:30]} 6. h3 {[%emt 0:00:30]} Bc6 {[%emt 0:00:30]} 7. b3 {[%emt 0:00:30]} Nbd7 {[%emt 0:01:30]} 8. Nbd2 {[%emt 0:01:30]} e6 {[%emt 0:03:30]} 9. O-O {[%emt 0:00:30]} Be7 {[%emt 0:01:30]} 10. Re1 {[%emt 0:00:30]} d5 {[%emt 0:03:30]} 11. Bf1 {[%emt 0:00:30]} dxe4 {[%emt 0:01:30]} 12. dxe4 {[%emt 0:00:30]} Ne5 {[%emt 0:03:30]} 13. Qc2 {[%emt 0:03:30]} Rd8 {[%emt 0:05:30]} 14. a4 {[%emt 0:00:30]} O-O {[%emt 0:01:30]} 15. Nh2 {[%emt 0:03:30]} Ng6 {[%emt 0:02:30]} 16. Nc4 {[%emt 0:04:30]} e5 {[%emt 0:02:30]} 17. g3 {[%emt 0:00:30]} Rd7 {[%emt 0:04:30]} 18. Bg2 {[%emt 0:00:30]} Rfd8 {[%emt 0:00:30]} 19. h4 {[%emt 0:01:30]} b6 {[%emt 0:05:30]} 20. Qe2 {[%emt 0:01:30]} h5 {[%emt 0:09:30]} 21. Bg5 {[%emt 0:05:30]} b5 {[%emt 0:03:30]} 22. axb5 {[%emt 0:03:30]} Bxb5 {[%emt 0:00:30]} 23. Bxf6 {[%emt 0:00:00]} Bxf6 {[%emt 0:01:30]} 24. Nf1 {[%emt 0:01:00]} Bxc4 {[%emt 0:05:30]} 25. bxc4 {[%emt 0:01:30]} Rd3 {[%emt 0:00:30]} 26. Ne3 {[%emt 0:00:30]} Rd2 {[%emt 0:03:30]} 27. Qxh5 {[%emt 0:00:30]} Rb8 {[%emt 0:01:30]} 28. Rab1 {[%emt 0:02:30]} Rbb2 {[%emt 0:00:30]} 29. Rxb2 {[%emt 0:00:30]} Rxb2 {[%emt 0:00:30]} 30. Nd5 {[%emt 0:01:30]} Qd8 {[%emt 0:03:30]} 31. Ra1 {[%emt 0:01:30]} a5 {[%emt 0:00:30]} 32. Qg4 {[%emt 0:00:30]} Nf8 {[%emt 0:04:30]} 33. Rxa5 {[%emt 0:01:30]} Nd7 {[%emt 0:03:30]} 34. Ra7 {[%emt 0:01:30]} Nb6 {[%emt 0:00:30]} 35. Rb7 {[%emt 0:01:30]} Nxc4 {[%emt 0:00:43]} 36. Rd7 {[%emt 0:00:30]} Qa5 {[%emt 0:03:45]} 37. Nxf6+ {[%emt 0:01:30]} 1-0

[Event "Istanbul Open 2019"]
[Site "Istanbul"]
[Date "2019.08.28"]
[Round "4.1"]
[White "Yaran, Siar"]
[Black "Shanava, Konstantine"]
[Result "1-0"]
[WhiteElo "2209"]
[BlackElo "2496"]
[Annotator "RC"]
[PlyCount "83"]
[EventDate "2019.08.26"]
[EventType "swiss"]
[EventCountry "TUR"]
[SourceTitle "playchess.com"]
[Source "ChessBase"]
[SourceQuality "1"]
[TimeControl "5400+30"]

1. c4 e5 2. Nc3 Nc6 3. Nf3 g6 4. d4 exd4 5. Nxd4 Bg7 6. Nxc6 bxc6 7. g3 Ne7 8. Bg2 O-O 9. O-O Rb8 10. Qa4 d6 11. c5 d5 12. Rd1 Bd7 13. e4 h6 14. Be3 Rxb2 15. Bd4 Bxd4 16. Qxd4 Rb8 17. exd5 cxd5 18. Bxd5 Nc6 19. Qe3 Qg5 20. Qxg5 hxg5 21. Ne4 Kg7 22. Nxg5 Rbd8 23. Nxf7 Rde8 24. Ng5 Nb4 25. Bb3 Bf5 26. Rd4 a5 27. Rad1 Kh6 28. h4 Nc6 29. Rf4 Ne5 30. Rd5 Kg7 31. Rfd4 Re7 32. Rd8 Ree8 33. R8d5 Re7 {[%emt 1:45:46]} 34. Ba4 {[%emt 1:43:41]} Ng4 {[%emt 0:00:44]} 35. Bd7 {[%emt 0:00:34]} Re1+ {[%emt 0:00:03]} 36. Kg2 {[%emt 0:00:41]} Re2 {[%emt 0:00:30]} 37. Bxf5 {[%emt 0:01:18]} Rxf2+ {[%emt 0:00:38]} 38. Kg1 {[%emt 0:01:05]} R8xf5 {[%emt 0:00:28]} 39. Rxf5 {[%emt 0:00:11]} gxf5 {[%emt 0:00:41]} 40. Rxg4 {[%emt 0:00:05]} Rxa2 {[%emt 0:00:27]} 41. Rd4 {[%emt 0:00:08]} Kg6 {[%emt 0:00:35]} 42. Ne6 {[%emt 0:01:05]} 1-0

[Event "Istanbul Open 2019"]
[Site "Istanbul"]
[Date "2019.08.28"]
[Round "4.2"]
[White "Kamer, Kayra"]
[Black "Makaraci, Tunahan"]
[Result "1-0"]
[WhiteElo "2306"]
[BlackElo "2064"]
[Annotator "TA"]
[PlyCount "119"]
[EventDate "2019.08.26"]
[EventType "swiss"]
[EventCountry "TUR"]
[SourceTitle "playchess.com"]
[Source "ChessBase"]
[SourceQuality "1"]

{[%evp 19,119,0,15,3,0,0,0,0,0,0,5,0,83,78,132,63,62,54,60,52,62,62,73,40,61,36,16,12,18,0,31,35,56,47,68,66,86,71,77,72,72,59,56,68,79,69,73,73,106,93,128,98,97,101,105,47,50,29,16,-34,-27,-28,-27,-28,-32,-31,-25,-22,-19,-12,231,224,230,228,513,307,313,289,973,371,893,249,232,225,806,792,4627,4627,4578,4133,2215,2002,1821,1733,1337,1235,4582,2417,2003,2195,1689,1847]} 1. g3 Nf6 2. Bg2 d5 3. d3 c6 4. Nd2 e5 5. e4 Bc5 6. Ngf3 Bg4 7. O-O dxe4 8. dxe4 Nbd7 9. Qe1 O-O 10. Nc4 Qc7 11. b4 {A07: Réti Opening: New York and Capablanca Systems} (11. a4 Rfe8 12. Ne3 Bxf3 13. Bxf3 g6 14. a5 Nf8 15. b4 Be7 16. c3 b5 17. axb6 axb6 18. Bd2 Qd7 {½-½ (46) Kozul,Z (2587)-Burmakin,V (2575) Nova Gorica 2003}) 11... Be7 12. Bb2 {[%cal Rf3e5]} Bxf3 13. Bxf3 {The position is equal.} b5 $146 ({Predecessor:} 13... Rfe8 14. Rd1 Bf8 15. Qd2 Nb6 16. Nxb6 axb6 17. a3 b5 18. Bg2 Rad8 {½-½ (33) Fritz,R (1696)-Horvath,M (2029) Feldkirch 2012}) 14. Ne3 Nb6 15. Rc1 Rac8 (15... a5 $11) 16. c4 $16 Qb8 (16... bxc4 $142 17. Nxc4 Nfd7) 17. Nf5 ({White should play} 17. c5 $1 $16 {[%cal Rc5b6]} Na4 18. Ba1) 17... Rfe8 $14 18. cxb5 cxb5 19. Rxc8 Nxc8 20. Qd2 h6 21. Be2 Bf8 22. Rd1 a6 23. f3 Nb6 24. Ne3 Be7 25. a3 Na4 26. Ba1 $36 {[%mdl 2048] White has the initiative.} Bf8 27. Kg2 Rc8 28. Rc1 Rd8 29. Qc2 Qb6 30. Kf2 Qe6 31. Qc6 Qh3 32. Nf1 Rd6 33. Qc8 Qxc8 34. Rxc8 Nd7 35. Ke1 Nab6 36. Rc7 g6 37. Ne3 (37. Nd2 $16) 37... h5 38. f4 Bg7 39. Nf1 exf4 40. Bxg7 fxg3 {Hoping for ...g2.} 41. Bc3 g2 42. Kf2 gxf1=Q+ 43. Kxf1 Kf8 44. Ra7 Nc4 $2 (44... Na4 $11 {and Black stays safe.} 45. Ba1 f6) 45. Bxc4 $1 $18 bxc4 {[%mdl 4096] Endgame [#] KRB-KRN} 46. b5 $1 {[%mdl 512] And now Bb4 would win.} Rd3 $2 ({Not} 46... axb5 $2 47. Bb4 $18) (46... a5 47. Bxa5 Rd3) 47. Bb4+ Kg7 48. bxa6 Nb8 $2 {[#]} (48... Nc5 49. Bxc5 c3) 49. Ra8 $2 (49. Rxf7+ $1 {[%mdl 512]} Kxf7 50. a7) 49... c3 $2 (49... Nc6 50. Rc8 Na7) 50. Ke2 $2 ({Weaker is} 50. Rxb8 c2 $16) (50. a7 Nd7 {[#]} 51. Rg8+ $1 {[%mdl 576] Decoy, Clearance, Promotion} Kxg8 52. a8=Q+ Kh7 53. Qc8) 50... c2 51. Bd2 Rh3 $2 (51... Rxa3 52. Rxb8 Rxa6) 52. Rxb8 {Bc1 is the strong threat.White is clearly winning.} Rxh2+ {KRB-KR} 53. Kd3 Rh3+ 54. Kxc2 Rxa3 55. Ra8 Ra2+ 56. Kd3 h4 57. Bc3+ Kh6 58. Bf6 {[%cal Ra8h8]} Kh5 59. a7 Kg4 {[#]} 60. Bxh4 $1 {[%mdl 512] Accuracy: White = 61%, Black = 41%.} 1-0

[Event "Istanbul Open 2019"]
[Site "Istanbul"]
[Date "2019.08.28"]
[Round "4.3"]
[White "Abishli, Oghuz"]
[Black "Eren, Ataberk"]
[Result "0-1"]
[WhiteElo "2038"]
[BlackElo "2254"]
[Annotator "ChessBase"]
[PlyCount "118"]
[EventDate "2019.08.26"]
[EventType "swiss"]
[EventCountry "TUR"]
[SourceTitle "playchess.com"]
[Source "ChessBase"]
[SourceQuality "1"]
[TimeControl "5400+30"]

1. Nf3 d5 2. c4 c6 3. e3 Nf6 4. Nc3 Bf5 5. Qb3 Qb6 6. cxd5 Qxb3 7. axb3 Nxd5 8. Nxd5 cxd5 9. Nd4 Bd7 10. Nb5 Bxb5 11. Bxb5+ Nc6 12. d4 e6 13. Bd2 Kd7 14. Ke2 Bd6 15. h4 h5 16. f3 a6 17. Bd3 e5 18. dxe5 Bxe5 19. Bc3 d4 20. exd4 Bxd4 21. Be4 Bxc3 22. bxc3 Rhe8 23. Rhd1+ Kc7 24. Kf2 Rad8 25. Bd5 Ne5 26. Rd4 Rd7 27. Ra5 g6 28. g4 hxg4 29. fxg4 Red8 30. Bf3 Rxd4 31. cxd4 Nxf3 32. Kxf3 Rxd4 33. h5 Rd3+ 34. Kg2 gxh5 35. gxh5 Rxb3 36. h6 Rb6 37. Rh5 Rg6+ 38. Kf3 Rg8 39. h7 Rh8 40. Rh6 {[%emt 1:49:08]} Kd7 {[%emt 1:42:49]} 41. Kf4 {[%emt 0:00:30]} Ke7 {[%emt 0:00:39]} 42. Kg5 {[%emt 0:00:30]} a5 {[%emt 0:00:21]} 43. Rb6 {[%emt 0:00:17]} Rxh7 {[%emt 0:00:35]} 44. Rxb7+ {[%emt 0:00:02]} Kd6 {[%emt 0:00:06]} 45. Rb5 {[%emt 0:00:56]} f6+ {[%emt 0:00:06]} 46. Kxf6 {[%emt 0:00:16]} Ra7 {[%emt 0:00:04]} 47. Kf5 {[%emt 0:00:30]} Kc6 {[%emt 0:00:14]} 48. Rb1 {[%emt 0:00:49]} Kd5 {[%emt 0:00:05]} 49. Rd1+ {[%emt 0:00:31]} Kc4 {[%emt 0:00:05]} 50. Rc1+ {[%emt 0:00:04]} Kd4 {[%emt 0:00:17]} 51. Rd1+ {[%emt 0:00:13]} Kc3 {[%emt 0:00:08]} 52. Rc1+ {[%emt 0:00:10]} Kb2 {[%emt 0:01:28]} 53. Rc8 {[%emt 0:01:19]} Rb7 {[%emt 0:03:49]} 54. Ra8 {[%emt 0:00:08]} Rb5+ {[%emt 0:00:01]} 55. Ke4 {[%emt 0:00:09]} Rb4+ {[%emt 0:00:44]} 56. Kd3 {[%emt 0:00:11]} a4 {[%emt 0:00:21]} 57. Rh8 {[%emt 0:00:47]} a3 {[%emt 0:00:20]} 58. Rh2+ {[%emt 0:00:07]} Kb3 {[%emt 0:00:07]} 59. Kd2 {[%emt 0:01:18]} a2 {[%emt 0:00:12]} 0-1

[Event "Istanbul Open 2019"]
[Site "Istanbul"]
[Date "2019.08.28"]
[Round "4.4"]
[White "Arat, Ufuk Sezen"]
[Black "Rahimli, Ilkin"]
[Result "1-0"]
[WhiteElo "2390"]
[BlackElo "1992"]
[Annotator "TA"]
[PlyCount "133"]
[EventDate "2019.08.26"]
[EventType "swiss"]
[EventCountry "TUR"]
[SourceTitle "playchess.com"]
[Source "ChessBase"]
[SourceQuality "1"]

{[%evp 11,133,-5,6,-42,6,-8,3,18,17,5,2,-1,27,27,29,26,23,-66,-63,-66,-59,-65,-24,-24,-21,-25,-25,-34,-12,-27,-1,-30,0,0,0,0,0,0,0,-24,0,0,0,0,0,-12,54,69,146,0,0,0,0,0,0,0,0,0,0,-9,-24,-7,0,0,0,0,0,0,0,0,0,0,0,0,0,0,0,0,85,92,197,171,160,196,208,249,246,241,222,215,207,210,228,222,483,435,377,210,5210,4399,1000,779,1931,1728,978,2370,218,186,179,175,29968,29968,1466,8891,5106,1715,29983,29984,29984,29983,29983,29983,29983,29984]} 1. e4 c5 2. Nc3 Nc6 3. g3 g6 4. d3 Bg7 5. Be3 d6 6. Qd2 Nf6 7. Bh6 {B24: Closed Sicilian: 3 g3 sidelines} (7. h3 O-O 8. Bg2 Nd4 9. Nce2 e5 10. c3 Ne6 11. Nf3 b6 12. O-O Bb7 13. Ng5 d5 14. Nxe6 fxe6 15. g4 dxe4 16. Ng3 Nd5 17. Bxe4 {1-0 (48) Stukopin,A (2573)-Li,R (2426) Brownsville 2015}) 7... O-O 8. Bg2 Nd4 {Hoping for ...Bxh6.} 9. Bxg7 {The position is equal.} Kxg7 10. Nd1 e5 11. c3 Ne6 $146 ({Predecessor:} 11... Nc6 12. Ne3 Ng4 13. Nxg4 Bxg4 14. f4 Bd7 15. Ne2 {1-0 (38) Stepovoj,V (2359)-Sychov,M (2052) Riazan 2009}) 12. Ne3 Nc7 13. h4 h5 14. Nd5 ({White should play} 14. Nf3 $11) 14... Ncxd5 $15 15. exd5 Bf5 16. Ne2 e4 17. dxe4 Bxe4 18. O-O Bxg2 19. Kxg2 Qd7 20. Nf4 Rae8 21. Rfe1 Qf5 22. c4 Re4 23. b3 Rfe8 24. f3 R4e5 25. Nh3 Rxe1 26. Rxe1 Rxe1 27. Qxe1 Qc2+ 28. Qf2 Qd1 (28... Qc3 $11) 29. Qb2 $1 $14 b5 (29... a5 $14) 30. Ng5 (30. cxb5 $16 Qxd5 31. Ng5) 30... Kg8 $11 31. Nh3 Nd7 32. Nf2 Qe1 33. cxb5 Nb6 34. Ne4 Nxd5 35. Qf2 $132 {[%mdl 2048] White is not holding back} Ne3+ 36. Kh2 Ng4+ 37. fxg4 Qxe4 38. gxh5 gxh5 {[%mdl 4096] Endgame KQ-KQ} 39. a4 Qd3 40. Qf4 Qe2+ 41. Kh3 Qe6+ 42. Kg2 Qe2+ 43. Qf2 Qe4+ 44. Qf3 Qe6 (44... Qb1 $11) 45. a5 $1 $16 {[%cal Ba4a5,Ba5a6][%mdl 32]} c4 (45... d5 $16) 46. b6 $18 axb6 47. a6 {Threatens to win with a7.} (47. Qxh5 Qe4+ 48. Kf2 cxb3 $17) (47. axb6 cxb3 48. Qd3 (48. b7 Qe8 $11) 48... Qe7 $11) 47... d5 48. bxc4 ({Worse is} 48. Qxh5 cxb3 49. a7 Qe4+ 50. Qf3 Qa4 $11) 48... Qc8 49. a7 ({Weaker is} 49. Qxh5 dxc4 50. Qg5+ Kh7 $14) ({Don't take} 49. Qxd5 $6 Qxa6 50. Qg5+ (50. Qxh5 Qxc4 51. Kh2 b5 $11) 50... Kf8 $16) 49... Qa6 50. cxd5 Qxa7 51. Qxh5 Qa2+ {[#]} 52. Kh3 $1 {And now d6 would win.} Qf2 $2 (52... Qa1 {might work better.} 53. Qf5 Kf8) 53. Qd1 {Strongly threatening d6.} Kf8 54. d6 (54. Qd3 $142) 54... Ke8 $2 (54... Qf5+ 55. g4 Qe4) 55. Qa4+ Kd8 56. Qf4 Qc5 57. Qf6+ Kc8 58. Qe7 {Intending d7+ and mate.} Qf5+ {[#]} 59. Kg2 $1 {[%csl Gd6][%cal Re7c7]} Qc2+ 60. Kf3 {Threatening mate with d7+.} Qf5+ $2 (60... Qd3+ $18 61. Kg4 Qc4+ 62. Kg5 Qc1+ 63. Kg4 Qd1+ 64. Kg5 Qc1+ 65. Kf6 Qh6+ 66. Kxf7 Qh7+ 67. Kf6 Qh8+ 68. Kf5 Qh5+ 69. Kf4 Qh6+ 70. Kf3 Qh5+ 71. g4 Qd5+ 72. Kf4 Qd2+ 73. Kf5 Qc2+ 74. Kg5 Qc1+ 75. Kh5 Qc6) 61. Ke3 {[%csl Gd6][%cal Re7c7]} Qc5+ 62. Kf4 {White threatens d7+ and mate.} Qd4+ 63. Kf5 {[%csl Gd6][%cal Re7c7]} Qf2+ 64. Kg4 {[%csl Gd6][%cal Re7c7] White mates.} f5+ 65. Kh5 {[%csl Gd6][%cal Re7c7]} Qf3+ 66. Kh6 {[%csl Gd6][%cal Re7c7]} Qc6 67. Kg6 {Accuracy: White = 66%, Black = 44%.} 1-0

[Event "Istanbul Open 2019"]
[Site "Istanbul"]
[Date "2019.08.28"]
[Round "4.5"]
[White "Erdogan, Anil Berk"]
[Black "Ozer, Omer Faruk"]
[Result "1/2-1/2"]
[WhiteElo "2144"]
[BlackElo "2357"]
[Annotator "TA"]
[PlyCount "69"]
[EventDate "2019.08.26"]
[EventType "swiss"]
[EventCountry "TUR"]
[SourceTitle "playchess.com"]
[Source "ChessBase"]
[SourceQuality "1"]

{[%evp 11,69,8,11,8,11,0,0,0,0,0,0,-24,-22,-22,17,13,11,9,24,4,3,4,2,2,2,2,19,20,25,6,6,0,0,0,0,0,6,0,0,0,9,9,11,0,0,0,1,0,0,0,8,0,3,0,0,0,26,-7,84,55]} 1. e4 e5 2. Nf3 Nc6 3. d4 exd4 4. Nxd4 Qf6 5. Nxc6 Bc5 6. Qf3 dxc6 7. Nc3 {C45: Scotch Game} Be6 8. Bd3 (8. a3 {is interesting.} O-O-O 9. Be3 Bb6 10. Bd3 h5 11. a4) (8. a3 O-O-O 9. Be3 Bxe3 10. Qxe3 Kb8 11. f4 Nh6 12. Bd3 Qe7 13. O-O-O f6 14. Rhe1 Nf7 {½-½ (58) Nepomniachtchi,I (2763)-Wang,H (2730) St Petersburg 2018}) 8... O-O-O 9. Be3 {The position is equal.} Bb4 10. Qxf6 Nxf6 11. f3 $146 ({Predecessor:} 11. a3 Ba5 12. O-O Ng4 13. Bxa7 Ne5 14. b4 Bb6 15. Bxb6 cxb6 {0-1 (59) Savetha,C (1899)-Supriya,M (2107) Nagpur 2009}) 11... Nd7 12. a3 Bc5 (12... Bxc3+ $5 13. bxc3 Ne5 $11) 13. Bxc5 Nxc5 14. O-O-O f5 (14... b5 {looks sharper.} 15. Be2 a5 16. Rxd8+ Rxd8 17. Rd1 Rd6) 15. exf5 Nxd3+ 16. Rxd3 Rxd3 17. cxd3 Bxf5 $11 {[%mdl 4096] Endgame KRB-KRN} 18. Kd2 Rd8 19. Ne4 b6 20. g4 Be6 21. Ke3 c5 22. h4 Bd7 23. h5 Bb5 24. Nf2 Rd6 25. Rd1 Kd8 26. Ne4 Rd7 27. Nc3 Bc6 28. b4 Re7+ 29. Ne4 cxb4 30. axb4 a5 31. bxa5 bxa5 32. d4 a4 33. d5 Be8 34. Kd4 h6 (34... c6 $11) 35. Nc5 {Accuracy: White = 50%, Black = 53%.} 1/2-1/2